000 00229nam a2200097Ia 4500
008 190216s9999||||xx |||||||||||||| ||und||
100 _aNull
245 0 _aHindi-Kaljayi Kavithayem
260 _bOxford University Press
942 _cBK
999 _c17664
_d17664